[Event "X MIEDZYNARODOWY JUBILEUSZOWY FESTIWAL S"]
[Site "LAZY, OW "]
[Date "2014.07.08"]
[Round "9.13"]
[White "Antolak, Julia"]
[Black "Lukasiewicz, Anna"]
[Result "1/2-1/2"]
[WhiteElo "1869"]
[BlackElo "2062"]
[PlyCount "24"]
[EventDate "2014.??.??"]

1. e4 c5 2. Nf3 d6 3. d4 cxd4 4. Nxd4 Nf6 5. Nc3 g6 6. Be2 Bg7 7. O-O O-O 8.
Bg5 Nc6 9. Nb3 Be6 10. Kh1 Rc8 11. f4 a6 12. Bf3 Nd7 1/2-1/2

[Event "X MIEDZYNARODOWY JUBILEUSZOWY FESTIWAL S"]
[Site "LAZY, OW "]
[Date "2014.07.08"]
[Round "9.14"]
[White "Walter, Szymon"]
[Black "Nowicki, Bartosz"]
[Result "0-1"]
[WhiteElo "1977"]
[BlackElo "2256"]
[PlyCount "44"]
[EventDate "2014.??.??"]

1. e4 c5 2. Nf3 d6 3. d4 cxd4 4. Nxd4 Nf6 5. Nc3 a6 6. h3 e6 7. g4 Be7 8. Bg2
Nfd7 9. Be3 Nc6 10. Qe2 Qc7 11. O-O-O b5 12. f4 Bb7 13. Nxc6 Bxc6 14. Rhe1 O-O
15. Bd4 Bh4 16. Rg1 b4 17. Nb1 Bb5 18. Qf3 Rac8 19. Rd2 e5 20. Be3 exf4 21.
Bxf4 Ne5 22. Qd1 Qc4 0-1

[Event "X MIEDZYNARODOWY JUBILEUSZOWY FESTIWAL S"]
[Site "LAZY, OW "]
[Date "2014.07.08"]
[Round "9.15"]
[White "Szostko, Jakub"]
[Black "Smolka, Marcin"]
[Result "1/2-1/2"]
[WhiteElo "2002"]
[BlackElo "2089"]
[PlyCount "32"]
[EventDate "2014.??.??"]

1. d4 e6 2. c4 d5 3. Nf3 c6 4. Qc2 Nf6 5. g3 Bd6 6. Bg2 Nbd7 7. O-O O-O 8. Nbd2
e5 9. dxe5 Nxe5 10. Nxe5 Bxe5 11. Nf3 Bd6 12. Rd1 Be6 13. Ng5 Qc7 14. cxd5 cxd5
15. Qxc7 Bxc7 16. Be3 h6 1/2-1/2

[Event "X MIEDZYNARODOWY JUBILEUSZOWY FESTIWAL S"]
[Site "LAZY, OW "]
[Date "2014.07.08"]
[Round "9.16"]
[White "Betkowski, Andrzej"]
[Black "Zaleski, Lukasz"]
[Result "1-0"]
[WhiteElo "2064"]
[BlackElo "1867"]
[PlyCount "51"]
[EventDate "2014.??.??"]

1. d4 Nf6 2. Nc3 e6 3. e4 d5 4. Bg5 Be7 5. e5 Nfd7 6. h4 h6 7. Be3 c5 8. Qg4
Kf8 9. O-O-O Nc6 10. f4 cxd4 11. Bxd4 Nxd4 12. Rxd4 f5 13. Qg3 Nc5 14. Be2 Bd7
15. Bh5 Be8 16. Bxe8 Qxe8 17. h5 Qc6 18. Nge2 Nd7 19. Rd3 Bc5 20. Qg6 Kg8 21.
Nxd5 exd5 22. e6 Nf6 23. Rg3 Ne8 24. Qf7+ Kh7 25. Rg6 Rf8 26. Rxh6+ 1-0

[Event "X MIEDZYNARODOWY JUBILEUSZOWY FESTIWAL S"]
[Site "LAZY, OW "]
[Date "2014.07.08"]
[Round "9.17"]
[White "Wacior, Maciej"]
[Black "Mucha, Piotr"]
[Result "1-0"]
[WhiteElo "1863"]
[BlackElo "2026"]
[PlyCount "63"]
[EventDate "2014.??.??"]

1. d4 Nf6 2. Nf3 g6 3. c4 Bg7 4. Nc3 O-O 5. Bf4 c5 6. e3 d6 7. h3 Nbd7 8. Be2
Qc7 9. O-O e5 10. dxe5 dxe5 11. Bh2 a6 12. Qc2 Re8 13. Rfd1 Qc6 14. a3 e4 15.
Rd6 Qc7 16. Rxa6 Qd8 17. Rxa8 exf3 18. Bxf3 Nb6 19. Ra5 Nfd7 20. Rd1 Qe7 21.
Nd5 Nxd5 22. Bxd5 Be5 23. Bxe5 Nxe5 24. f4 Nd7 25. e4 Nf6 26. e5 Nh5 27. Qf2 b6
28. Rb5 Qc7 29. Rb3 Ng7 30. Qh4 Nf5 31. Qf6 Nd4 32. Rxb6 1-0

[Event "X MIEDZYNARODOWY JUBILEUSZOWY FESTIWAL S"]
[Site "LAZY, OW "]
[Date "2014.07.08"]
[Round "9.18"]
[White "Janik, Igor"]
[Black "Kovalev, Egor"]
[Result "1-0"]
[WhiteElo "2071"]
[BlackElo "2187"]
[PlyCount "57"]
[EventDate "2014.??.??"]

1. e4 c5 2. Nf3 Nc6 3. d4 cxd4 4. Nxd4 Qc7 5. Nc3 e6 6. g3 a6 7. Bg2 Nf6 8. O-O
Be7 9. Kh1 O-O 10. f4 d6 11. Be3 Bd7 12. Nb3 Na5 13. g4 Nc4 14. Bc1 h6 15. h4
Bc6 16. g5 hxg5 17. hxg5 Nd7 18. Nd4 Rfe8 19. b3 Ncb6 20. Bb2 g6 21. Qg4 Bf8
22. Rad1 Bg7 23. Rf3 Nc5 24. Nxc6 bxc6 25. Rh3 d5 26. Qh4 d4 27. Ne2 Rad8 28.
Bxd4 e5 29. Qh7+ 1-0

[Event "X MIEDZYNARODOWY JUBILEUSZOWY FESTIWAL S"]
[Site "LAZY, OW "]
[Date "2014.07.08"]
[Round "9.19"]
[White "Mazalon, Mariusz"]
[Black "Hilarecki, Grzegorz"]
[Result "1-0"]
[WhiteElo "2043"]
[BlackElo "2144"]
[PlyCount "46"]
[EventDate "2014.??.??"]

1. d4 Nf6 2. Nf3 c5 3. g3 g6 4. Bg2 Bg7 5. O-O O-O 6. c3 d6 7. Nbd2 Nc6 8. e4
Qc7 9. d5 Na5 10. Re1 b5 11. a4 a6 12. axb5 c4 13. bxa6 Rxa6 14. Bf1 Bb7 15.
Ra4 e6 16. dxe6 fxe6 17. Nxc4 d5 18. exd5 exd5 19. Bf4 Qd8 20. Nxa5 Rxa5 21.
Rxa5 Qxa5 22. Be5 Ne4 23. Bxg7 Kxg7 1-0

[Event "X MIEDZYNARODOWY JUBILEUSZOWY FESTIWAL S"]
[Site "LAZY, OW "]
[Date "2014.07.08"]
[Round "9.20"]
[White "Mitura, Vaclav"]
[Black "Chylewski, Patryk"]
[Result "1-0"]
[WhiteElo "2098"]
[BlackElo "1909"]
[PlyCount "129"]
[EventDate "2014.??.??"]

1. d4 Nf6 2. Nf3 g6 3. Bf4 Bg7 4. e3 d5 5. h3 c5 6. c3 Nc6 7. Nbd2 cxd4 8. exd4
Qb6 9. Qb3 Qxb3 10. axb3 Ne4 11. b4 b6 12. Nb3 O-O 13. Be2 e6 14. O-O f6 15. b5
Ne7 16. Ra3 Bd7 17. Rfa1 Nc8 18. Nbd2 Nxd2 19. Bxd2 e5 20. dxe5 fxe5 21. Be3
Bf5 22. Rd1 Rd8 23. g4 Be6 24. Ng5 Bf7 25. Bf3 Ne7 26. Rda1 Nc8 27. Bg2 e4 28.
Rd1 Ne7 29. f3 exf3 30. Bxf3 h6 31. Nxf7 Kxf7 32. Kf2 g5 33. Rda1 Nc8 34. Ra4
Kg6 35. Kg2 Be5 36. Be2 Kg7 37. Bd3 Bb8 38. Bf5 Re8 39. Bd4+ Be5 40. Bxc8 Bxd4
41. Rxd4 Rexc8 42. Rxd5 Rc7 43. Rad1 Re8 44. Rd7+ Re7 45. Rxc7 Rxc7 46. Rd6 Rf7
47. Kg3 Kh7 48. b3 Kg7 49. c4 Rc7 50. Kf3 Rf7+ 51. Ke3 Re7+ 52. Kd4 Rf7 53. b4
Rf3 54. Rd7+ Kg6 55. Rxa7 Rxh3 56. Rb7 Rh4 57. Rxb6+ Kg7 58. Rd6 Rxg4+ 59. Kc5
Rf4 60. b6 Rf8 61. Kb5 g4 62. c5 Kh7 63. b7 g3 64. Rd3 g2 65. Rg3 1-0

[Event "X MIEDZYNARODOWY JUBILEUSZOWY FESTIWAL S"]
[Site "LAZY, OW "]
[Date "2014.07.08"]
[Round "9.21"]
[White "Tomaszewski, Kacper"]
[Black "Lebiedowicz, Borys"]
[Result "1/2-1/2"]
[WhiteElo "2012"]
[BlackElo "1833"]
[PlyCount "56"]
[EventDate "2014.??.??"]

1. d4 d5 2. c4 dxc4 3. e4 e5 4. Nf3 exd4 5. Bxc4 Nc6 6. O-O Be6 7. Bb5 Bc5 8.
b4 Bb6 9. Bb2 Nf6 10. e5 Nd5 11. Nxd4 Ndxb4 12. Nxe6 fxe6 13. Qh5+ g6 14. Qg4
Qd7 15. Bc4 Nd5 16. Bxd5 Qxd5 17. Rd1 Qc5 18. Qxe6+ Qe7 19. Qxe7+ Kxe7 20. Nc3
Ke6 21. Nd5 Rhf8 22. Nxb6 axb6 23. f3 Nb4 24. a3 Nd5 25. Rac1 c6 26. Rd3 Ra4
27. g3 g5 28. Rcd1 Rc4 1/2-1/2

[Event "X MIEDZYNARODOWY JUBILEUSZOWY FESTIWAL S"]
[Site "LAZY, OW "]
[Date "2014.07.08"]
[Round "9.22"]
[White "Januszkiewicz, Wojciech"]
[Black "Harazinska, Ewa"]
[Result "0-1"]
[WhiteElo "1852"]
[BlackElo "2062"]
[PlyCount "94"]
[EventDate "2014.??.??"]

1. e4 c5 2. Nf3 d6 3. d4 cxd4 4. Nxd4 Nf6 5. Nc3 a6 6. Be2 e6 7. a4 Nc6 8. Be3
Be7 9. O-O O-O 10. f4 Qc7 11. Kh1 Re8 12. Nb3 b6 13. Bf3 Bb7 14. Qd2 Bf8 15.
Rad1 Rac8 16. Qf2 Nd7 17. Rfe1 Nb4 18. Rd2 Nc5 19. Nxc5 bxc5 20. Red1 Rcd8 21.
Qg3 d5 22. exd5 exd5 23. Bxd5 Nxd5 24. Nxd5 Bxd5 25. Rxd5 Rxd5 26. Rxd5 Qb7 27.
Rd1 Qxb2 28. Qf2 Qa3 29. Rd3 Qa1+ 30. Qg1 Qxa4 31. Qc1 c4 32. Rd5 Qc6 33. Re5
Rd8 34. h3 f6 35. Ra5 Bb4 36. Ra2 c3 37. Qb1 Qe6 38. Ra4 a5 39. Qa2 Qxa2 40.
Rxa2 Rd1+ 41. Kh2 Rb1 42. Bd4 Kf7 43. g4 g6 44. Kg3 Ke6 45. Kf3 f5 46. g5 Kd5
47. Bf6 Kc4 0-1

[Event "X MIEDZYNARODOWY JUBILEUSZOWY FESTIWAL S"]
[Site "LAZY, OW "]
[Date "2014.07.08"]
[Round "9.23"]
[White "Filewicz, Przemyslaw"]
[Black "Krainski, Slawomir"]
[Result "1/2-1/2"]
[WhiteElo "1924"]
[BlackElo "2039"]
[PlyCount "80"]
[EventDate "2014.??.??"]

1. d4 Nf6 2. Nf3 g6 3. g3 Bg7 4. Bg2 O-O 5. O-O d5 6. Nbd2 b6 7. c4 e6 8. cxd5
exd5 9. Ne5 Bb7 10. Qc2 Nfd7 11. Ndf3 c5 12. Bg5 Qe8 13. Nxd7 Nxd7 14. Bf4 Qe7
15. Qd2 Rfe8 16. Rfe1 Nf6 17. Bg5 Ne4 18. Bxe7 Nxd2 19. Nxd2 Rxe7 20. Nf3 Rae8
21. Bf1 cxd4 22. Rad1 d3 23. Rxd3 Bxb2 24. Red1 Bf6 25. e3 Rc8 26. Nd4 Rc5 27.
Bg2 Ba6 28. R3d2 Bc4 29. Nb3 Rb5 30. Bxd5 Rxd5 31. Rxd5 Bxd5 32. Rxd5 Rc7 33.
Rd2 Kf8 34. Kf1 Ke7 35. Ke2 Rc4 36. Kd3 Rc3+ 37. Ke4 Ke6 38. Nd4+ Bxd4 39. Kxd4
Rc5 40. e4 f5 1/2-1/2

[Event "X MIEDZYNARODOWY JUBILEUSZOWY FESTIWAL S"]
[Site "LAZY, OW "]
[Date "2014.07.08"]
[Round "9.24"]
[White "Pilzak, Marcin"]
[Black "Sawicki, Mikolaj"]
[Result "1/2-1/2"]
[WhiteElo "1968"]
[BlackElo "1965"]
[PlyCount "70"]
[EventDate "2014.??.??"]

1. e4 g6 2. d4 Bg7 3. Nc3 c6 4. Nf3 d5 5. h3 dxe4 6. Nxe4 Nd7 7. Bc4 Nb6 8. Bb3
Nf6 9. Nxf6+ exf6 10. Qe2+ Qe7 11. Qxe7+ Kxe7 12. O-O Re8 13. Re1+ Kf8 14.
Rxe8+ Kxe8 15. Bf4 Be6 16. Bxe6 fxe6 17. Nd2 Rd8 18. c3 Nd5 19. Bg3 c5 20. dxc5
Nxc3 21. bxc3 Rxd2 22. Rb1 Rd7 23. Bb8 a6 24. Rb6 Kf7 25. c6 bxc6 26. Rxa6 c5
27. Ra7 Ke8 28. Kf1 f5 29. c4 Bc3 30. Rxd7 Kxd7 31. Bf4 Kc6 32. Ke2 Kb6 33. f3
e5 34. Kd3 Bd4 35. Bd2 Ka6 1/2-1/2

[Event "X MIEDZYNARODOWY JUBILEUSZOWY FESTIWAL S"]
[Site "LAZY, OW "]
[Date "2014.07.08"]
[Round "9.25"]
[White "Zylka, Stanislaw"]
[Black "Madynski, Pawel"]
[Result "1/2-1/2"]
[WhiteElo "1939"]
[BlackElo "2086"]
[PlyCount "82"]
[EventDate "2014.??.??"]

1. e4 e5 2. Nf3 f5 3. Nxe5 Qf6 4. d4 d6 5. Nc4 fxe4 6. Be2 Nc6 7. c3 d5 8. Ne3
Be6 9. O-O Bd6 10. f3 Qh6 11. g3 exf3 12. Bxf3 O-O-O 13. Nf5 Qf6 14. Nxd6+ Rxd6
15. Bxd5 Qe7 16. Bxe6+ Qxe6 17. Bf4 Rd8 18. Nd2 Nf6 19. Qb3 Qg4 20. Rae1 Nd5
21. Nc4 Nce7 22. Ne5 Qh5 23. Qd1 Qxd1 24. Rxd1 Rhf8 25. Bc1 h6 26. g4 Nf6 27.
Rf2 c5 28. Rf4 Ned5 29. Rff1 Rfe8 30. Nf7 Rd7 31. dxc5 Re2 32. Nd6+ Kc7 33. c4
Ne3 34. Rfe1 Rxe1+ 35. Rxe1 Nc2 36. Rf1 a6 37. g5 hxg5 38. Bxg5 Ng4 39. h3 Ne5
40. Bf4 Nd3 41. Bg3 Kc6 1/2-1/2

[Event "X MIEDZYNARODOWY JUBILEUSZOWY FESTIWAL S"]
[Site "LAZY, OW "]
[Date "2014.07.08"]
[Round "9.26"]
[White "Szewczak, Andrzej"]
[Black "Kowalski, Maciej"]
[Result "0-1"]
[WhiteElo "1976"]
[BlackElo "1984"]
[PlyCount "68"]
[EventDate "2014.??.??"]

1. e4 e5 2. Nf3 Nc6 3. Bc4 Bc5 4. Nc3 d6 5. d3 h6 6. Be3 Nf6 7. h3 O-O 8. Qd2
a6 9. a3 b5 10. Ba2 Bb7 11. Bxh6 gxh6 12. Qxh6 Nh7 13. Nd5 Nd4 14. Ne3 Qf6 15.
Qh5 Kh8 16. c3 Nxf3+ 17. gxf3 Bxe3 18. fxe3 Qg5 19. Qxg5 Nxg5 20. Ke2 f5 21. h4
Nxf3 22. Kxf3 fxe4+ 23. Kg4 exd3 24. Rhf1 Bg2 25. Rxf8+ Rxf8 26. Kg3 Be4 27. c4
Rf3+ 28. Kg4 Rxe3 29. cxb5 axb5 30. Kg5 Bf3 31. Kh6 d2 32. Rg1 d5 33. Rg7 d1=Q
34. Rxc7 Kg8 0-1

[Event "X MIEDZYNARODOWY JUBILEUSZOWY FESTIWAL S"]
[Site "LAZY, OW "]
[Date "2014.07.08"]
[Round "9.27"]
[White "Zebracki, Tomasz"]
[Black "Spicak, Krzysztof"]
[Result "1-0"]
[WhiteElo "2019"]
[BlackElo "1933"]
[PlyCount "53"]
[EventDate "2014.??.??"]

1. e4 e6 2. d4 c5 3. c3 d5 4. e5 Qb6 5. Nf3 Bd7 6. Bd3 cxd4 7. cxd4 Nc6 8. O-O
Nxd4 9. Nxd4 Qxd4 10. Nc3 a6 11. Qe2 Bb4 12. Kh1 Ne7 13. f4 Bxc3 14. bxc3 Qa4
15. Rb1 O-O-O 16. Be3 Bb5 17. Bxb5 axb5 18. Rxb5 Nc6 19. Rfb1 Rd7 20. Qb2 Qa8
21. Bc5 f6 22. Bd6 fxe5 23. fxe5 Rf7 24. Rb6 Nd8 25. Qb5 Qxa2 26. Qc5+ Kd7 27.
Rxb7+ 1-0

[Event "X MIEDZYNARODOWY JUBILEUSZOWY FESTIWAL S"]
[Site "LAZY, OW "]
[Date "2014.07.08"]
[Round "9.28"]
[White "Woloch, Oskar"]
[Black "Zolobowski, Grzegorz"]
[Result "1/2-1/2"]
[WhiteElo "1929"]
[BlackElo "2046"]
[PlyCount "31"]
[EventDate "2014.??.??"]

1. e4 c6 2. d4 d5 3. Nc3 g6 4. h3 Bg7 5. Nf3 dxe4 6. Nxe4 Nd7 7. Bd3 Ngf6 8.
Nxf6+ Nxf6 9. O-O O-O 10. Re1 Bf5 11. Bxf5 gxf5 12. c3 Ne4 13. Ng5 Nf6 14. Nf3
Ne4 15. Ng5 Nf6 16. Nf3 1/2-1/2